Quevedo y Avellaneda (Record no. 104510)

MARC details
000 -LEADER
campo de control de longitud fija 00627nam a2200169 i 4500
001 - NÚMERO DE CONTROL
campo de control 104510
003 - IDENTIFICADOR DE NÚMERO DE CONTROL
campo de control ES-MaACL
005 - FECHA Y HORA DE LA ÚLTIMA TRANSACCIÓN
campo de control 20230906183625.0
007 - CAMPO FIJO DE DESCRIPCIÓN FÍSICA--INFORMACIÓN GENERAL
campo de control de longitud fija t|
008 - DATOS DE LONGITUD FIJA--INFORMACIÓN GENERAL
campo de control de longitud fija 051130s1918 ag ||||1| spa d
100 1# - ENTRADA PRINCIPAL--NOMBRE DE PERSONA
Nombre de persona Millé y Giménez, Juan.
9 (RLIN) 81195
245 10 - MENCIÓN DEL TÍTULO
Título Quevedo y Avellaneda
Resto del título : algo sobre el Buscón y el falso Quijote /
Mención de responsabilidad, etc. Juan Millé y Giménez.
260 ## - PUBLICACIÓN, DISTRIBUCIÓN, ETC.
Lugar de publicación, distribución, etc. Buenos Aires :
Nombre del editor, distribuidor, etc. [s.n.],
Fecha de publicación, distribución, etc. 1918.
500 ## - NOTA GENERAL
Nota general De la revista "Helios" correspondiente al mes de julio.
600 14 - PUNTO DE ACCESO ADICIONAL DE MATERIA--NOMBRE DE PERSONA
Nombre de persona Fernández de Avellaneda, Alonso.
Título de la obra Segundo tomo del ingenioso hidalgo don Quijote de la Mancha.
9 (RLIN) 49625
852 ## - LOCALIZACIÓN
Ubicación ES-MaACL
Número de control de estantería 1538-F-8
Holdings
Estatus retirado Estado de pérdida Estado de daño No para préstamo Colección Biblioteca de origen Biblioteca actual Ubicación en estantería Fecha de adquisición Fuente de adquisición Total de préstamos Signatura topográfica completa Código de barras Visto por última vez Precio de reemplazo Tipo de ítem Koha
        Colección de folletos Biblioteca del Ateneo de Madrid Biblioteca del Ateneo de Madrid Depósito folletos 17/01/2008     1538-F-8 1109115 23/02/2023 23/02/2023 Folleto